000 00649cam a2200217 a 4500
020 _a9781422144206 (hbk.)
020 _a9781422144208 (alk. paper)
040 _cDLC
082 0 0 _a174 HAR 2013 A113 Or.
100 1 _aMackey, John,
245 1 0 _aConscious capitalism :
_bliberating the heroic spirit of business /
260 _aBoston, Mass. :
_bHarvard Business Review Press,
_cc2013.
300 _axiv, 344 p. :
_bill. ;
_c25 cm.
650 0 _aSocial responsibility of business.
650 0 _aBusiness ethics.
650 0 _aCapitalism
650 0 _aCorporations
650 0 _aSocial values.
700 1 _aSisodia, Rajendra.
942 _cEK
999 _c17410
_d17410